| 000 | 00501nam a2200181Ia 4500 | ||
|---|---|---|---|
| 005 | 20250508163410.0 | ||
| 008 | 008 250505s9999 xx 000 0 eng d | ||
| 037 | _aTextual | ||
| 040 |
_aFEDL _beng _cFEDL |
||
| 041 |
_aeng _2eng |
||
| 084 |
_a360, GAN _qFEDL |
||
| 100 |
_aGangrade K.D. _9769610 |
||
| 245 | 0 | _aSocial work and development | |
| 260 |
_aNew Delhi, India _bNorthern Book Centre _c1986 |
||
| 300 | _aviii,132p. | ||
| 942 |
_cTEXL _h360, GAN |
||
| 999 |
_c1382839 _d1382839 |
||